Wheldon's cost accounting Ed 15 (Record no. 212236)
[ view plain ]
| 000 -LEADER | |
|---|---|
| fixed length control field | 00472nam a2200181Ia 4500 |
| 008 - FIXED-LENGTH DATA ELEMENTS--GENERAL INFORMATION | |
| fixed length control field | 210719s1984 xx 000 0 und d |
| 020 ## - INTERNATIONAL STANDARD BOOK NUMBER | |
| International Standard Book Number | 0273025619 |
| 041 ## - LANGUAGE CODE | |
| Language code of text/sound track or separate title | eng |
| 082 ## - DEWEY DECIMAL CLASSIFICATION NUMBER | |
| Classification number | 657.42 OWLW |
| 100 ## - MAIN ENTRY--PERSONAL NAME | |
| Personal name | OWLER (L W J);BROWN (J L) |
| 245 ## - TITLE STATEMENT | |
| Title | Wheldon's cost accounting Ed 15 |
| 250 ## - EDITION STATEMENT | |
| Edition statement | 15 |
| 260 ## - PUBLICATION, DISTRIBUTION, ETC. | |
| Place of publication, distribution, etc. | London. |
| Name of publisher, distributor, etc. | E L B S, |
| Date of publication, distribution, etc. | 1984 |
| 300 ## - PHYSICAL DESCRIPTION | |
| Extent | x,706 |
| Other physical details | PB |
| 365 ## - TRADE PRICE | |
| Currency code | Rs |
| 650 ## - SUBJECT ADDED ENTRY--TOPICAL TERM | |
| Topical term or geographic name entry element | Cost Accounting |
| 906 ## - LOCAL DATA ELEMENT F, LDF (RLIN) | |
| a | 15 ; accounting ; cost ; Ed ; s ; Wheldon |
| Withdrawn status | Lost status | Source of classification or shelving scheme | Damaged status | Not for loan | Collection code | Home library | Current library | Date acquired | Total Checkouts | Full call number | Barcode | Date last seen | Price effective from | Koha item type |
|---|---|---|---|---|---|---|---|---|---|---|---|---|---|---|
| Dewey Decimal Classification | Commerce | St Aloysius Library | St Aloysius Library | 01/30/1995 | 657.42 OWLW | D00263 | 07/19/2021 | 07/19/2021 | Donated Books |